000
00213 a2200097 4500
001
12175
100
_a
Naqvi,Hawar
245
_a
Hay Jehaanoon ki Roshni En Say
260
_a
_b
Sang-e-Meel
_c
090
_c
9384
_d
9384
942
_a
NUST-CAE
_c
M
_c
36249
999
_c
247248
_d
247248